000 00614nam a2200229Ia 4500
005 20260429112111.0
008 260429s9999||||xx |||||||||||||| ||und||
020 _a9781032985404
041 _aEnglish
082 _a512.02
_bPAU
100 _aPaulsen, William
245 0 _aAbstract algebra :
_ban interactive approach /
_cWilliam Paulsen
250 _a3rd ed.
260 _aBoca Raton :
_bCRC Press,
_c2025.
300 _axxxiv, 405 p.; hb
440 _aTextbooks in mathematics
650 _a Abstract
650 _aAlgebra
700 _a Rosen, Kennethg H.
700 _aBoggess, Al
942 _cTB
999 _c52348
_d52348